00398nam a2200157Ia 450000500170000000800410001704000190005804100120007708200130008910000190010224500590012126000300018030000100021065000100022085000100023020240620110821.0131103s9999 xx 000 0 und d aLoreto College aEnglish a745bNAK aNakata, Atsuko aChritmas Origami 2b party decorations cAtsuko Nakata aJapanbFroebel-kanc[19?] a pic. aCraft aLCBED